000 00423nam a22001697a 4500
005 20251108164243.0
008 250721s1968 xx 000 0 ara d
082 1 4 _a920/شيخ
100 1 _aشيخاني، سمير
245 1 0 _aمع الخالدين /
250 _aط2.
264 1 _aبيروت :
_bدار السمير،
_c1968.
300 _a457 ص
650 1 7 _aالتراجم
942 _2ddc
_cBK
999 _c7543
_d7543